Estudios geográficos (Record no. 99384)

MARC details
000 -LEADER
campo de control de longitud fija 00671nam a2200169 i 4500
001 - NÚMERO DE CONTROL
campo de control 99384
003 - IDENTIFICADOR DE NÚMERO DE CONTROL
campo de control ES-MaACL
005 - FECHA Y HORA DE LA ÚLTIMA TRANSACCIÓN
campo de control 20230906182505.0
007 - CAMPO FIJO DE DESCRIPCIÓN FÍSICA--INFORMACIÓN GENERAL
campo de control de longitud fija t|
008 - DATOS DE LONGITUD FIJA--INFORMACIÓN GENERAL
campo de control de longitud fija 050907s1908 sp b |||| | spa d
100 1# - ENTRADA PRINCIPAL--NOMBRE DE PERSONA
Nombre de persona Martín y Peinador, León.
9 (RLIN) 77682
245 10 - MENCIÓN DEL TÍTULO
Título Estudios geográficos
Resto del título : Marruecos y plazas españolas, Argelia, Túnez y Trípoli, Sáhara y Sáhara español, Guinea continental e insular española. Problema Marroquí /
Mención de responsabilidad, etc. León Martín y Peinador.
260 ## - PUBLICACIÓN, DISTRIBUCIÓN, ETC.
Lugar de publicación, distribución, etc. Madrid :
Nombre del editor, distribuidor, etc. [s.n.],
Fecha de publicación, distribución, etc. 1908 (
Fabricante Imp. y L. Bernardo Rodriguez)
300 ## - DESCRIPCIÓN FÍSICA
Extensión 460 p., 6 mapas ;
Dimensiones 22 cm.
651 #4 - PUNTO DE ACCESO ADICIONAL DE MATERIA--NOMBRE GEOGRÁFICO
Nombre geográfico África septentrional-
Subdivisión general Geografía.
9 (RLIN) 165658
852 ## - LOCALIZACIÓN
Ubicación ES-MaACL
Número de control de estantería B-12729
Holdings
Estatus retirado Estado de pérdida Estado de daño No para préstamo Biblioteca de origen Biblioteca actual Ubicación en estantería Fecha de adquisición Fuente de adquisición Total de préstamos Signatura topográfica completa Código de barras Visto por última vez Precio de reemplazo Tipo de ítem Koha
        Biblioteca del Ateneo de Madrid Biblioteca del Ateneo de Madrid Sala Pardo Bazán 17/01/2008     B-12729 1103776 23/02/2023 23/02/2023 Libro impreso